Wordt geladen...

Caste must go and the sin of untouchability comp by R K Prabhu /

Bibliografische gegevens
Hoofdauteur: Gandhi, M. K.
Taal:Undetermined
Gepubliceerd in: 1964.
Onderwerpen:
LEADER 00454nam a2200145Ia 4500
001 8163
008 170722s9999 xx 000 0 und d
100 |a Gandhi, M. K. 
245 |a Caste must go and the sin of untouchability comp by R K Prabhu / 
260 |c 1964. 
653 |a Gandhiana 
653 |a Untouchability 
942 |c GEN 
999 |c 71390  |d 71390 
952 |0 0  |1 0  |4 0  |6 ZG_Y592_K4  |7 0  |9 101344  |a LIB  |b LIB  |d 2013-03-25  |o zG(Y592) K4  |p 119106  |r 2017-08-12  |w 2017-08-12  |y GEN